Introducción al análisis de circuitos (Registro nro. 29504)

Detalles MARC
000 -CABECERA
Longitud fija campo de control 01613nam a2200241 a 4500
003 - • IDENTIFICADOR DELl NÚMERO DE CONTROL
Identificador del número de control CO-ViMGA
008 - • CÓDIGOS DE INFORMACIÓN DE LONGITUD FIJA
Códigos de información de longitud fija 141112s2004 ck r 000 u spa d
020 ## - • NÚMERO INTERNACIONAL NORMALIZADO PARA LIBROS
Número Internacional Normalizado para Libros (ISBN) 9702604486
040 ## - FUENTE DE LA CATALOGACIÓN
Centro catalogador de origen CO-ViMGA
Lengua de catalogación spa
Centro transcriptor CO-ViMGA
082 04 - • NÚMERO DE LA CLASIFICACIÓN DECIMAL DEWEY
Número de clasificación (R) 621.311921 B695i
100 1# - • PUNTO DE ACCESO PRINCIPAL-NOMBRE DE PERSONA
Nombre de persona Boylestad, Robert L.
245 10 - • TITULO PROPIAMENTE DICHO
Título Introducción al análisis de circuitos
250 ## - • MENCIÓN DE EDICIÓN
Mención de edición 10
300 ## - • DESCRIPCIÓN FÍSICA
Extensión 1228p
505 ## - • NOTA DE CONTENIDO CON FORMATO
Nota de contenido con formato Introducción 1 - - Corriente y Voltaje 31 - - Resistencia 59 - - Ley de Ohm, potencia y energia 97 - - Circuitos en serie 129 - - Circuitos en paralelo 169 - - Redes en serie - paralelo 213 - - Metodos de análisis y temas seleccionados 255 - - Teoremas de redes 321 - - Capacitores 375 - - Circuitos magneticos 435 - - Inductores 473 - - Formas de ondas senoidales alternas 521 - - Los elementos básicos y los fasores 575 - - Circuitos de ca en serie y en paralelo 629 - - Redes de ca en serie - paralelo 709 - - Metodos de análisis y temas seleccionados 743 - - Teoremas de redes 791 - - Potencia 489 - - Resonancia 887 - - Transformadores 935 - - Sistemas polifásicos 977 - - Decibeles, filtros y diagramas de Bode 1017 - - Formas de onda de pulso y la respuesta R - C 1093 - - Circuitos no senoides 1123 - - Análisis de sistemas : una introducción 1149
590 ## - NOTAS LOCALES
Nota local Forma de adquisición : Compra fact. 0540 - - Precio : 89900 - - Proveedor : Temas y libros - - Fecha de adquisición : Abril 2006
650 14 - • PUNTO DE ACCESO ADICIONAL DE MATERIA - TÉRMINO DE MATERIA
Término de materia o nombre geográfico como elemento inicial CALCULO OPERACIONAL
650 14 - • PUNTO DE ACCESO ADICIONAL DE MATERIA - TÉRMINO DE MATERIA
Término de materia o nombre geográfico como elemento inicial CIRCUITOS ELECTRICOS
650 14 - • PUNTO DE ACCESO ADICIONAL DE MATERIA - TÉRMINO DE MATERIA
Término de materia o nombre geográfico como elemento inicial CIRCUITOS ELECTRONICOS
942 ## - ENTRADA DE ELEMENTOS AGREGADOS (KOHA)
Fuente de clasificaión o esquema Dewey Decimal Classification
Koha [por defecto] tipo de item LIbro
Existencias
Perdido Fuente de clasificación o esquema Estado Físico No para préstamo Forma de adquisición Localización permanente Localización actual Fecha adquisición Serie de enumeración / cronolog&íacute;a Préstamos totales Signatura completa Código de barras Fecha última consulta Número de copia Fecha del precio de reemplazo Tipo de item de Koha
  Dewey Decimal Classification     Sala Especializada Tercer Piso Biblioteca Pública Germán Arciniegas - Villavicencio Biblioteca Pública Germán Arciniegas - Villavicencio 12/04/2015 Volumen. 1 | 11/jun/2009   621.311921 B695i 20510 02/20/2018 Ej. 1 12/04/2015 LIbro









Instituto Departamental de Cultura del Meta - Red Departamental de Bibliotecas Públicas del Meta.